000 00639nam a2200241Ia 4500
003 OSt
005 20220928110459.0
006 a|||||r|||| 00| 0
007 ta
008 220927b |||||||| |||| 00| 0 eng d
024 _a56404
037 _cTextual
040 _aSDCL
_cSDCL
_beng
041 _2eng
_aeng
082 _aY72:1.2'N6, L6
100 _aVidyarthi L P
_9419682
245 0 _aTribal culture of India.
260 _aDelhi
_bConcept Publishing
_c1976
300 _a487p
_ccm.
700 _a Rai B K
_9419683
942 _hY72:1.2'N6, L6
_cTEXL
_2CC
999 _c735822
_d735822